000 00537nam a2200229Ia 4500
003 OSt
005 20221005121209.0
006 a|||||r|||| 00| 0
007 ta
008 221004b |||||||| |||| 00| 0 eng d
024 _a71480
037 _cTextual
040 _aCRL
_cCRL
_beng
041 _2eng
_aeng
082 _aV3:2:N5, D4
100 _aLow Sidney
245 0 _aGovernance of England
260 _c1904
650 _aHISTORY
942 _hV3:2:N5, D4
_cTEXL
_2cc
999 _c1040431
_d1040431